| 000 | 00912nam a2200301Ia 4500 | ||
|---|---|---|---|
| 001 | 76358 | ||
| 003 | IT-RoPAU | ||
| 008 | 130308s9999 xx 000 0 und d | ||
| 040 | _aIT-RoPAU | ||
| 040 | _cIT-RoPAU | ||
| 041 | _aINGLESE | ||
| 100 | _aFrederiksen Carl H. | ||
| 100 | _gCodice Aut. SPICS: 26529 | ||
| 245 | _aCognitive Models and Discourse Analysis | ||
| 245 | _bStudying Writing: Linguistic Approaches | ||
| 250 | _a1a ed. | ||
| 260 | _aLONDON | ||
| 260 | _bSage Publications B.H. | ||
| 260 | _c1986 [1° Ed.:1986 - Ed.Ling.Originale:1986] | ||
| 300 | _a"41 p. (prefazione: no ; testo: 41 [pagine: 227-267])" | ||
| 500 | _aModelli Conoscitivi Analisi del Discorso caratteristiche Generali dei Modelli Semantici Struttura dell'Analisi del Discorso | ||
| 650 | _aLINGUISTICA | ||
| 650 | _eCodice materia Spics: 3201 | ||
| 942 | _cBK | ||
| 957 | _71 | ||
| 999 |
_c39162 _d39162 |
||
| 999 | _bSI | ||
| 999 | _g1 | ||